Las tormentas : La inquieta atmósfera /

Sistemas de tormentas: tempestades, tornados y huracanes. Papeles significativos en la circulación de la atmósfera. Desarrollo de las tormentas. Efectos sobre el clima.

Guardado en:
Autor Corporativo: Videopedia Britannica.
Formato: Deslizar
Materias:
Etiquetas: Agregar Etiqueta
Sin Etiquetas, Sea el primero en etiquetar este registro!
LEADER 00951ngm a22002655g 4500
001 CEM.cems021668
008 130507b199?##################0###0#####d
005 20240903152012.0
245 1 0 |a Las tormentas :  |b La inquieta atmósfera /  |c Videopedia Britannica. 
300 |a 22 
500 |a En soporte VHS, consultar en ventanilla. 
520 |a Sistemas de tormentas: tempestades, tornados y huracanes. Papeles significativos en la circulación de la atmósfera. Desarrollo de las tormentas. Efectos sobre el clima. 
538 |a Soporte: VHS - Norma: Pal N - Color - Compra CEMS - Hitachi=0993 
110 2 |a Videopedia Britannica. 
082 5 5 |/ VID 
653 |a CLIMATOLOGIA 
653 |a GEOGRAFIA 
653 |a CLIMA 
653 |a TORMENTAS 
653 |a TEMPESTADES 
653 |a TORNADOS 
653 |a HURACANES 
653 |a ATMOSFERA 
653 |a NIVEL SECUNDARIA 
859 |a CEMS  |b BIB. CEMS - Depto. Recursos Didacticos  |h 551  |i VID  |k DRD  |p 311.12  |t Ej.1